-
Ferrell, O.C. Fraedrich, John. and Ferrell, Linda.
Entry Personal Name
Number of records used in: 1
001 - CONTROL NUMBER
003 - CONTROL NUMBER IDENTIFIER
005 - DATE AND TIME OF LATEST TRANSACTION
- control field:
20180221114943.0
008 - FIXED-LENGTH DATA ELEMENTS
- fixed length control field:
180221|| aca||aabn | a|a d
040 ## - CATALOGING SOURCE
- Original cataloging agency:
OSt
- Transcribing agency:
OSt
100 ## - HEADING--PERSONAL NAME
- Personal name:
Ferrell, O.C. Fraedrich, John. and Ferrell, Linda.
670 ## - SOURCE DATA FOUND
- Source citation:
Work cat.: (OSt)994: Ferrell, O.C. Fraedrich, John. and Ferrell, Linda., Business Ethics A Case Perespective